000 00499nam a2200217Ia 4500
008 210210b1958 xxu||||| |||| 00| 0 eng d
041 _aeng
082 _a821/505
100 _aPALGRAVE (F T)
245 _aGolden treasury of songs and lyrics IV
260 _aLondon
_bMacmillan & Co. Ltd.
_c1958
650 _atreasury
650 _asongs
650 _aof
650 _alyrics
650 _aIV
650 _aGolden
650 _aand
690 _aEnglish Literature
906 _a011674
999 _c130362
_d130362